00552nam a2200181Ia 4500008004100000020001800041082001500059100002500074245006900099250000600168260002600174300001700200500002400217650001000241942000700251952009500258999001700353230524s9999 xx 000 0 und d a9789381075975 a636.7bRED aM. Anji Reddy940631 0aText Book Of Remote Sensing and Geographical Information Systems a4 aHyderabadbB S c2013 a"XXIV,601p;" aQuantity Number: 1 aCivil cBK 00104070aTATCLbTATCLcGENd2023-05-24l0o636.7 REDp52338r2023-05-24w2023-05-24yBK c54976d54976